000
00228nam a22000857a 4500
008
160704b xxu||||| |||| 00| 0 eng d
100
_9
2007
_a
Goyal, G.C
245
_a
Delighting Jokes
260
_a
New Delhi
_b
Diamond Publications
_c
2003
999
_c
1706
_d
1706